000 00741 a2200265 4500
001 117742
020 _a9788595200111
020 _q(broch.)
041 _apor
082 _a920
100 _aRodrigues, Patrícia
490 _aCrianças Geniais
500 _aLivro bilíngue: português inglês
521 _aYear 2
697 _aBiografia - Picasso
697 _aBiography - Picasso
856 _u00002c/00002cd6.jpg
040 _aBR-BrIDEA
_cBR-BrIDEA
090 _aA Year 2 920
_bROD
245 1 0 _aCrianças geniais
_bPicasso
_cPatrícia Rodrigues ; aquarelas de Eduardo Vetillo
260 _aSão Paulo
_bPé de Letra
_c2017
300 _a24 p.
_bil.
_e25 x 25 cm
700 _aVetillo, Eduardo
_eilustrador
942 _cBK
999 _c117742
_d117742